Yəhudilər - Armageddon - Statistics

General Stats
  • This quiz has been taken 8 times
  • The average score is 3 of 50
Answers on the Grid
Answers color-coded by a green-red scale on the quiz's grid according to % correct below.
Stiven Spilberq
Vinston Çörçill
Natali Portman
Lev Trotski
Emi Uaynhaus
Koko Şanel
Nikola Tesla
Emin Ağalarov
Frederik Şopen
Boris Nemtsov
Yuli Qusman
Oskar Vayld
Roman Abramoviç
Bob Dilan
Kanye Vest
Lev Landau
Vaqif Mustafazadə
Sergey Eyzenşteyn
Leonid Yakuboviç
Henri Ford
Albert Eynşteyn
Ömər Xəyyam
Adam Sendler
Vinsent van Qoq
Mirzə Xəzər
Tom Henks
Rixard Vaqner
Corc Oruell
Dastin Hoffman
Co Dassen
Luçano Pavarotti
Albert Aqarunov
Fridrix Nitsşe
Corc Soros
Volt Disney
Robert Oppenheymer
Mila Kunis
Erix Fromm
Vladimir Nabokov
Arnold Şvartsenegger
Rəşid Behbudov
Boris Pasternak
Mel Gibson
Arnold Şönberq
Maykl Cekson
Mikayıl Müşfiq
Teymur Rəcəbov
Mehriban Əliyeva
Azərin
Stiven Siqal
İmadəddin Nəsimi
Lev Tolstoy
Mixail Botvinnik
Al Paçino
Antonio Vivaldi
Çarlz Dikkens
Qustav Maler
Əliağa Vahid
Dreyk
Lütfi Zadə
Ziqmund Freyd
Dante Aliqyeri
Larisa Dolina
Mixael Şumaxer
Stenli Kubrik
Noam Çomski
Pep Qvardiola
Klint İstvud
Liza Meytner
Tünzalə Ağayeva
Sem Altman
Freddi Merkyuri
Mixail Lomonosov
Xəyyam Nisanov
Karl Marks
Joze Mourinyo
Volodimir Zelenski
Arximed
Karl Saqan
Henri Kissincer
Şon Konneri
Pablo Eskobar
İosif Kobzon
Haruki Murakami
Brüs Uillis
Mark Zukerberq
Nils Bor
Muəmmər Qəddafi
Ayzek Azimov
Riçard Feynman
Telman İsmayılov
Napoleon Bonapart
Karavacco
Frans Kafka
Ayn Rand
İsaak Levitan
Ernest Heminquey
Hippokrat
Leonardo da Vinçi
 
Answer Stats
Answer % Correct
Albert Eynşteyn
50%
Natali Portman
50%
Mark Zukerberq
33%
Adam Sendler
17%
Albert Aqarunov
17%
Bob Dilan
17%
Dreyk
17%
Emi Uaynhaus
17%
Henri Kissincer
17%
Lev Landau
17%
Stiven Spilberq
17%
Volodimir Zelenski
17%
Yuli Qusman
17%
Arnold Şönberq
0%
Ayn Rand
0%
Ayzek Azimov
0%
Boris Nemtsov
0%
Boris Pasternak
0%
Co Dassen
0%
Corc Soros
0%
Dastin Hoffman
0%
Emin Ağalarov
0%
Erix Fromm
0%
Frans Kafka
0%
İosif Kobzon
0%
İsaak Levitan
0%
Karl Marks
0%
Karl Saqan
0%
Larisa Dolina
0%
Leonid Yakuboviç
0%
Lev Trotski
0%
Liza Meytner
0%
Lütfi Zadə
0%
Mila Kunis
0%
Mirzə Xəzər
0%
Mixail Botvinnik
0%
Nils Bor
0%
Noam Çomski
0%
Qustav Maler
0%
Riçard Feynman
0%
Robert Oppenheymer
0%
Roman Abramoviç
0%
Sem Altman
0%
Sergey Eyzenşteyn
0%
Stenli Kubrik
0%
Stiven Siqal
0%
Telman İsmayılov
0%
Teymur Rəcəbov
0%
Xəyyam Nisanov
0%
Ziqmund Freyd
0%
No matching quizzes found
Score Distribution
Percent of People with Each Score
Percentile by Number Answered
Your Score History
You have not taken this quiz